|
|
|
|
| LEADER |
00000cam a2200000 7i4500 |
| 001 |
0000004312 |
| 005 |
20220105104000.0 |
| 008 |
070725 |
| 020 |
|
|
|a 8128608282
|
| 090 |
0 |
0 |
|a JP
|b FT ENG (4717)
|
| 245 |
1 |
0 |
|a Tarzan
|c Disney's
|
| 260 |
|
|
|a Kuala Lumpur :
|b Euro Books ,
|c 2003
|
| 440 |
|
|
|a Silver screen classics
|
| 500 |
|
|
|a Children age 4-6 years old (yellow)
|
| 650 |
|
0 |
|a Fairy tales
|
| 700 |
0 |
|
|a Disney's
|
| 999 |
|
|
|a 0000973559
|b Book
|c Children Collection
|e Perbadanan Perpustakaan Awam Johor
|
| 999 |
|
|
|a 0000973560
|b Book
|c Children Collection
|e Perbadanan Perpustakaan Awam Johor
|
| 999 |
|
|
|a 0000973561
|b Book
|c Children Collection
|e Perbadanan Perpustakaan Awam Johor
|
| 999 |
|
|
|a 0000973562
|b Book
|c Children Collection
|e Cawangan Batu Pahat
|